| 000 | 00718 a2200205 4500 | ||
|---|---|---|---|
| 010 | _aENG-89746 | ||
| 020 |
_c395.00 _a9788120334830 |
||
| 035 | _aEN-73279 | ||
| 037 | _bDBAD / PUB | ||
| 082 | 1 | 4 | _a539.2 |
| 090 |
_c11600 _d11600 |
||
| 100 | 1 | _aMrozowski, Michal | |
| 245 | 1 |
_aGuided electromagnetic waves: _cby Michal Mrozowski _bproperties and analysis/ |
|
| 260 |
_aNew Delhi _bPrentice- Hall of India _c2008 |
||
| 270 |
_aM-97, Connaught Circus, _bNew Delhi _e110 001 |
||
| 300 |
_axxii, 370p. _c23 cm (Hb) |
||
| 500 | _aIncludes bibliographical references & index. | ||
| 942 |
_adpl _cEN _k539.2 / MRO |
||
| 999 |
_c11284 _d11284 |
||